| 000 | 00924nam a2200253 i 4500 | ||
|---|---|---|---|
| 003 | DO-SdBNP | ||
| 005 | 20260219090622.0 | ||
| 007 | ta | ||
| 008 | 260219b1994 dr ||||| |||| 00| 0 spa d | ||
| 040 |
_aDO-SdBNP _bspa _cBNPHU _erda |
||
| 041 | _aspa | ||
| 082 | 4 |
_axxx _bxxx _222 |
|
| 100 | 1 |
_aHenríquez Gratereaux, Federico, _d1937- _eautor _4aut. _92003 |
|
| 245 | 1 | 0 |
_aNegros de mentira y blancos de verdad / _cFederico Henríquez Gratereaux |
| 264 | 1 |
_aSanto Domingo : _bEditora Taller, _c1994. |
|
| 300 |
_a8 páginas ; _c21 cm. |
||
| 336 |
_atexto _btxt _2rdacontent |
||
| 337 |
_asin mediación _bn _2rdamedia |
||
| 338 |
_avolumen _bnc _2rdacarrier |
||
| 500 | _aObsequiado por el Club de Ejecutivos de Santo Domingo, Inc., con la anuencia del autor, como un aporte al fortalecimiento del amor a la patria dominicana. Directiva 1994-1996 | ||
| 590 | _aInventariado, 2026/BT | ||
| 910 | _aBtavárez | ||
| 942 |
_2ddc _cLF2 |
||
| 999 |
_c60369 _d60369 |
||